<?xml version="1.0" encoding="UTF-8"?>
<record
    xmlns:xsi="http://www.w3.org/2001/XMLSchema-instance"
    xsi:schemaLocation="http://www.loc.gov/MARC21/slim http://www.loc.gov/standards/marcxml/schema/MARC21slim.xsd"
    xmlns="http://www.loc.gov/MARC21/slim">

  <leader>00343nam a22001337a 4500</leader>
  <datafield tag="020" ind1=" " ind2=" ">
    <subfield code="a">978070635159</subfield>
  </datafield>
  <datafield tag="082" ind1=" " ind2=" ">
    <subfield code="2">22</subfield>
    <subfield code="a">621.312</subfield>
  </datafield>
  <datafield tag="100" ind1=" " ind2=" ">
    <subfield code="a">Kundur, Prabha.</subfield>
  </datafield>
  <datafield tag="245" ind1=" " ind2=" ">
    <subfield code="a">Power system stability and control /</subfield>
  </datafield>
  <datafield tag="250" ind1=" " ind2=" ">
    <subfield code="a">NA</subfield>
  </datafield>
  <datafield tag="260" ind1=" " ind2=" ">
    <subfield code="a">New Delhi,</subfield>
    <subfield code="b">Tata McGrew Hill,</subfield>
    <subfield code="c">c2010.</subfield>
  </datafield>
  <datafield tag="300" ind1=" " ind2=" ">
    <subfield code="a">xxiii,1176 p. ;</subfield>
    <subfield code="b">ill. ;</subfield>
    <subfield code="c">24 cm.</subfield>
  </datafield>
  <datafield tag="942" ind1=" " ind2=" ">
    <subfield code="2">ddc</subfield>
    <subfield code="c">EE</subfield>
    <subfield code="0">6</subfield>
  </datafield>
  <datafield tag="999" ind1=" " ind2=" ">
    <subfield code="c">3584</subfield>
    <subfield code="d">3584</subfield>
  </datafield>
  <datafield tag="952" ind1=" " ind2=" ">
    <subfield code="0">0</subfield>
    <subfield code="1">0</subfield>
    <subfield code="2">ddc</subfield>
    <subfield code="4">0</subfield>
    <subfield code="7">1</subfield>
    <subfield code="8">REF</subfield>
    <subfield code="a">LIB001</subfield>
    <subfield code="b">LIB001</subfield>
    <subfield code="d">2014-07-16</subfield>
    <subfield code="g">189.00</subfield>
    <subfield code="l">0</subfield>
    <subfield code="o">621.312</subfield>
    <subfield code="p">35747</subfield>
    <subfield code="r">2014-07-16 00:00:00</subfield>
    <subfield code="t">1</subfield>
    <subfield code="v">428.00</subfield>
    <subfield code="w">2014-07-16</subfield>
    <subfield code="y">REF</subfield>
  </datafield>
  <datafield tag="952" ind1=" " ind2=" ">
    <subfield code="0">0</subfield>
    <subfield code="1">0</subfield>
    <subfield code="2">ddc</subfield>
    <subfield code="4">0</subfield>
    <subfield code="7">0</subfield>
    <subfield code="a">LIB001</subfield>
    <subfield code="b">LIB001</subfield>
    <subfield code="d">2014-07-16</subfield>
    <subfield code="g">189.00</subfield>
    <subfield code="l">5</subfield>
    <subfield code="m">19</subfield>
    <subfield code="o">621.312</subfield>
    <subfield code="p">35748</subfield>
    <subfield code="r">2024-12-01 00:00:00</subfield>
    <subfield code="s">2024-08-19</subfield>
    <subfield code="t">1</subfield>
    <subfield code="v">428.00</subfield>
    <subfield code="w">2014-07-16</subfield>
    <subfield code="y">EE</subfield>
  </datafield>
  <datafield tag="952" ind1=" " ind2=" ">
    <subfield code="0">0</subfield>
    <subfield code="1">0</subfield>
    <subfield code="2">ddc</subfield>
    <subfield code="4">0</subfield>
    <subfield code="7">0</subfield>
    <subfield code="a">LIB001</subfield>
    <subfield code="b">LIB001</subfield>
    <subfield code="d">2014-07-16</subfield>
    <subfield code="g">189.00</subfield>
    <subfield code="l">7</subfield>
    <subfield code="m">27</subfield>
    <subfield code="o">621.312</subfield>
    <subfield code="p">35749</subfield>
    <subfield code="r">2024-12-03 00:00:00</subfield>
    <subfield code="s">2024-09-06</subfield>
    <subfield code="t">1</subfield>
    <subfield code="v">428.00</subfield>
    <subfield code="w">2014-07-16</subfield>
    <subfield code="y">EE</subfield>
  </datafield>
  <datafield tag="952" ind1=" " ind2=" ">
    <subfield code="0">0</subfield>
    <subfield code="1">0</subfield>
    <subfield code="2">ddc</subfield>
    <subfield code="4">0</subfield>
    <subfield code="7">0</subfield>
    <subfield code="a">LIB001</subfield>
    <subfield code="b">LIB001</subfield>
    <subfield code="d">2014-07-16</subfield>
    <subfield code="g">189.00</subfield>
    <subfield code="l">5</subfield>
    <subfield code="m">12</subfield>
    <subfield code="o">621.312</subfield>
    <subfield code="p">35750</subfield>
    <subfield code="q">2026-06-06</subfield>
    <subfield code="r">2026-03-18 03:35:03</subfield>
    <subfield code="s">2026-03-18</subfield>
    <subfield code="t">1</subfield>
    <subfield code="v">428.00</subfield>
    <subfield code="w">2014-07-16</subfield>
    <subfield code="y">EE</subfield>
  </datafield>
</record>
